Fr. Conceicao Rodrigues College of Engineering

Machine Drawing And Design (Record no. 19774)

MARC details
000 -LEADER
fixed length control field 00265nam a2200121Ia 4500
082 ## - DEWEY DECIMAL CLASSIFICATION NUMBER
Classification number 604.2
100 ## - MAIN ENTRY--PERSONAL NAME
Personal name Abbott W
245 ## - TITLE STATEMENT
Title Machine Drawing And Design
260 ## - PUBLICATION, DISTRIBUTION, ETC.
Name of publisher, distributor, etc. Blackie And Sons
546 ## - LANGUAGE NOTE
Language note ENGLISH
654 ## - SUBJECT ADDED ENTRY--FACETED TOPICAL TERMS
Focus term Machine Drawing And Design
942 ## - ADDED ENTRY ELEMENTS (KOHA)
Koha item type BOOK
Holdings
Withdrawn status Lost status Damaged status Not for loan Collection Home library Current library Shelving location Date acquired Total Checkouts Full call number Barcode Date last seen Price effective from Koha item type
        AFT Fr. Agnel's C.Rodrigues College of Engineering Fr. Agnel's C.Rodrigues College of Engineering   17/03/2023   604.2 AFT3825 17/03/2023 17/03/2023 BOOK